000 00429nam a2200145Ia 4500
008 220216s9999 xx 000 0 und d
100 _aMukhopadhyay S
245 0 _aSelf-vulcanizable rubber blend system based on neoprene and carboxylated nitrile rubber
260 _bJournal of Applied Polymer Science
_c1992
300 _a181-185
650 _aRubber blend system
650 _aXNBR Blend
700 _aDe S K
942 _cJS
999 _c68595
_d68595